| 000 | 00789nam a22002657a 4500 | ||
|---|---|---|---|
| 001 | BR7906232 | ||
| 003 | BR-BrBNA | ||
| 005 | 20230928090132.0 | ||
| 007 | ta | ||
| 008 | 230509b bl.||||| |||| 00| 0 por d | ||
| 040 |
_aBR-BrBNA _bpor _cBiblioteca Nacional de Agricultura |
||
| 041 | _a(Por) | ||
| 072 | _aF00; P05 | ||
| 090 | _ F00 BR7906232 | ||
| 100 | 1 | _aZaffaroni, E. | |
| 111 | 1 |
_a11. Congresso Brasileiro de Agronomia _cCuritiba, PR (Brazil) _d22 Oct 1979 |
|
| 245 | 1 | _aAvaliacao energetica, uma nova metodologia no julgamento de sistemas de producao | |
| 260 | 3 |
_aAreia, PB (Brasil): _c1979. |
|
| 300 | _a12 p. | ||
| 500 | _aSummary (Por); 11 ref. | ||
| 650 | _aProducao vegetal | ||
| 650 | _aRecurso energetico | ||
| 909 |
_a202309 _bLucia _c55 _dLucia Elande |
||
| 942 | _cBK | ||
| 999 |
_c27919 _d27919 |
||